000 00570cam a22002053a 4500
001 30387
003 PGUSA
005 20140828083646.0
008 100104s2010||||xxu|||||s|||||000 | eng d
040 _aPGUSA
_beng
042 _adc
100 1 _aAlger, Horatio,
_d1832-1899
245 1 0 _aMark Mason's Victory
_h[electronic resource] /
_cHoratio Alger
260 _bProject Gutenberg,
_c2010
506 _aPublic domain in the USA.
516 _aElectronic text
830 0 _aProject Gutenberg
_v30387
856 4 0 _uhttp://www.gutenberg.org/ebooks/30387
942 _cEB
999 _c259642
_d259642